000
00308nam a2200133Ia 4500
008
231017s9999 xx 000 0 und d
082
_a
624.15136BRO
082
_b
BRO
245
0
_a
Geotextile Reinforced Seals - AP-T37/05
245
0
_c
Austroads
260
_b
Austroads
300
_c
30cm
942
_c
REP
999
_c
603791
_d
603791